[Event "Challenge"]
[Site "http://www.queenalice.com/game.php?id=1286901"]
[Date "2014.6.8"]
[Round "-"]
[White "Daniel49"]
[Black "roli68"]
[Result "0-1"]
[WhiteElo "1343"]
[BlackElo "1631"]

1. d4 d5 2. Bf4 Nf6 3. Qd3 Nc6 4. Qg3 Qd7 5. Bxc7 Nh5 6. Qg5 Qxc7 7. Qxh5 Nxd4
8. Na3 g6 9. Qxd5 Bg7 10. Qe4 Bf5 11. Qh4 Nxc2+ 12. Nxc2 Qxc2 13. Nf3 Bxb2 14.
Rd1 Bc3+ 15. Nd2 Rd8 16. Qc4 Bxd2+ 17. Rxd2 Qxd2# 0-1

[Event "Méfiance"]
[Site "http://www.queenalice.com/game.php?id=1287448"]
[Date "2014.6.11"]
[Round "-"]
[White "roli68"]
[Black "Daniel49"]
[Result "1-0"]
[WhiteElo "1655"]
[BlackElo "1335"]

1. d4 d5 2. Na3 Nc6 3. Bf4 a6 4. h4 h5 5. Qd3 e6 6. Bg5 Qd6 7. c4 Nb4 8. Qd2 f6
9. Be3 Nh6 10. c5 Qc6 11. Qxb4 e5 12. Nc2 a5 13. Qc3 e4 14. Nh3 f5 15. Nf4 b5
16. b4 a4 17. Bc1 Bd7 18. e3 Be7 19. Na3 Qa6 20. Nxd5 Qb7 21. Nb6 cxb6 22. Be2
g6 23. Nxb5 Rc8 24. Qa3 Qa6 25. Nd6+ Bxd6 26. Bxa6 Rc6 27. cxd6 Rxd6 28. b5 Rd5
29. Bb7 Rxb5 30. Qxa4 Ra5 31. Qb4 Nf7 32. Qxb6 Ra4 33. Bd5 Ke7 34. Qb3 Ra7 35.
Bxf7 Rc8 36. a4 Rac7 37. Ba3+ Kd8 38. Bxg6 Rc3 39. Qb6+ R8c7 40. Qf6+ Kc8 41.
Qf8+ Kb7 42. Rb1+ Kc6 43. Qa8+ Rb7 44. Qxb7# 1-0

[Event "REFLEXION AVANT ACTION"]
[Site "http://www.queenalice.com/game.php?id=1290002"]
[Date "2014.6.23"]
[Round "-"]
[White "Daniel49"]
[Black "roli68"]
[Result "0-1"]
[WhiteElo "1332"]
[BlackElo "1648"]

1. e4 e5 2. Qf3 Nh6 3. g4 d6 4. g5 Ng8 5. Bc4 Qxg5 6. Qxf7+ Kd8 7. Qxf8+ Kd7 8.
Qf7+ Qe7 9. Qf3 Nh6 10. d3 Rf8 11. Qe3 b6 12. Bd5 c6 13. Bc4 b5 14. Bb3 a5 15.
a4 b4 16. Qg3 Na6 17. Bg5 Qe8 18. Nd2 Nc7 19. Qh3+ Ne6 20. Nc4 Ra6 21. Nxa5 Rxa5
22. O-O-O Kc7 23. c3 Nxg5 24. Qe3 Qe7 25. cxb4 Ra8 26. d4 Ng4 27. Qc3 Nxf2 28.
d5 Kd8 29. Qxc6 Bb7 30. Qb6+ Kc8 31. Rf1 Nxh1 32. Rxf8+ Qxf8 33. Qxd6 Qxd6 0-1

[Event "Ne pas jouer trop vite"]
[Site "http://www.queenalice.com/game.php?id=1291557"]
[Date "2014.6.30"]
[Round "-"]
[White "roli68"]
[Black "Daniel49"]
[Result "1-0"]
[WhiteElo "1649"]
[BlackElo "1329"]

1. h4 h5 2. e3 e5 3. Qf3 Nf6 4. Nc3 Nc6 5. Nh3 Qe7 6. Nb5 Qd8 7. d4 e4 8. Qg3 a6
9. Nxc7+ Ke7 10. Nxa8 d6 11. d5 Nxd5 12. Qg5+ f6 13. Qxd5 Be6 14. Qxe4 Qxa8 15.
Nf4 Nd8 16. Ng6+ Kd7 17. Nxh8 d5 18. Qd3 Bf7 19. Nxf7 Nxf7 20. Qxd5+ Nd6 21. f4
Qe8 22. Bd2 Qe7 23. c4 Ke8 24. O-O-O g6 25. Re1 b6 26. Bb4 Qc7 27. Qe6+ Be7 28.
Rd1 Nxc4 29. Qg8+ Bf8 30. Qxf8# 1-0

[Event "En avant"]
[Site "http://www.queenalice.com/game.php?id=1301746"]
[Date "2014.8.15"]
[Round "-"]
[White "Daniel49"]
[Black "roli68"]
[Result "0-1"]
[WhiteElo "1355"]
[BlackElo "1600"]

1. d4 h5 2. h4 Nh6 3. e4 d5 4. e5 e6 5. Qxh5 g6 6. Qf3 Nf5 7. Qf4 Nc6 8. Bb5
Nxd4 9. Qxd4 a6 10. Bxc6+ bxc6 11. Bg5 Be7 12. Qf4 c5 13. Rh3 Rb8 14. Rf3 Rf8
15. Bh6 Kd7 16. Nh3 Rxb2 17. Qa4+ c6 18. Bc1 Rb4 19. Qa3 Re4+ 20. Be3 d4 21. Ng5
Rxe5 22. Nxf7 Rxf7 23. Rxf7 dxe3 24. Qd3+ Ke8 25. Qxg6 exf2+ 26. Kxf2 Qd4+ 27.
Kg3 Qxh4+ 28. Kf3 Kd7 29. Qg3 Qe4+ 30. Kf2 Qe1+ 31. Kf3 Re3+ 32. Kf4 Qxg3# 0-1

[Event "Challenge"]
[Site "http://www.queenalice.com/game.php?id=1302419"]
[Date "2014.8.18"]
[Round "-"]
[White "gabi223"]
[Black "Daniel49"]
[Result "1-0"]
[WhiteElo "1398"]
[BlackElo "1349"]

1. d4 d5 2. Nc3 Nc6 3. Bd2 Nxd4 4. Be3 c5 5. Bxd4 Qd6 6. Nb5 Qc6 7. Bxg7 Bxg7 8.
e3 a6 9. Nc3 d4 10. exd4 e6 11. Nf3 Bxd4 12. Nxd4 cxd4 13. Qxd4 f6 14. Qg4 f5
15. Qg7 1-0

[Event "En avant avec prudence"]
[Site "http://www.queenalice.com/game.php?id=1302723"]
[Date "2014.8.20"]
[Round "-"]
[White "roli68"]
[Black "Daniel49"]
[Result "1-0"]
[WhiteElo "1618"]
[BlackElo "1335"]

1. e4 e5 2. d4 Nc6 3. d5 Nb4 4. a3 Na6 5. Nh3 f6 6. Nc3 Nc5 7. b4 Nxe4 8. Nxe4
d6 9. g4 g5 10. Bb5+ Bd7 11. a4 a6 12. Bd3 f5 13. gxf5 Nf6 14. Nhxg5 Rg8 15. Ne6
Bxe6 16. dxe6 d5 17. Nc5 Rb8 18. Bd2 Rg2 19. Qe2 b6 20. Nxa6 Ra8 21. Qxe5 Bd6
22. Qd4 Ke7 23. b5 Qg8 24. Ke2 Ng4 25. Be3 c5 26. Qxd5 Ne5 27. Be4 Rg7 28. Bf4
Qd8 29. Bxe5 Bxe5 30. Qxe5 Rg4 31. f6+ Ke8 32. Bc6+ Kf8 33. e7+ Kg8 34. exd8=Q+
Rxd8 35. Qe6+ Kh8 36. Qxg4 1-0

[Event "Challenge"]
[Site "http://www.queenalice.com/game.php?id=1305011"]
[Date "2014.8.29"]
[Round "-"]
[White "Daniel49"]
[Black "roli68"]
[Result "0-1"]
[WhiteElo "1330"]
[BlackElo "1606"]

1. d4 d5 2. Nc3 Nh6 3. Nf3 Ng4 4. h3 Nf6 5. e3 c6 6. Bd3 b5 7. b4 e6 8. Ne5 Bxb4
9. Bd2 Qd6 10. f4 Ne4 11. Nxe4 dxe4 12. c3 Ba5 13. a4 b4 14. c4 exd3 15. c5 Qe7
16. Qg4 g6 17. Qf3 Bb7 18. Qe4 f6 19. Nc4 f5 20. Qxd3 Bd8 21. Bxb4 Na6 22. Nd6+
Kf8 23. Bc3 Bc8 24. d5 Nxc5 25. Qd4 Qxd6 26. Qxh8+ Kf7 27. Qg7+ Ke8 28. Ke2 cxd5
29. Qh8+ Kd7 30. Qxh7+ Be7 31. Bd4 Ba6+ 32. Kf3 g5 33. g3 gxf4 34. gxf4 Ne4 35.
Be5 Qb4 36. Bc7 Nd2+ 37. Kf2 Qc4 38. Ba5 Qe2+ 39. Kg3 Qf3+ 40. Kh2 Qf2# 0-1

[Event "Challenge"]
[Site "http://www.queenalice.com/game.php?id=1307052"]
[Date "2014.9.8"]
[Round "-"]
[White "roli68"]
[Black "Daniel49"]
[Result "1-0"]
[WhiteElo "1640"]
[BlackElo "1325"]

1. d4 Nc6 2. e4 e6 3. e5 b5 4. c4 b4 5. d5 Nxe5 6. f4 Ng6 7. a3 e5 8. f5 Nf4 9.
g3 Qh4 10. gxh4 Nh6 11. Qc2 Rb8 12. Bxf4 b3 13. Qe4 d6 14. Bd2 Bxf5 15. Qe3 c5
16. Nc3 Ng4 17. Qg5 Nh6 18. Nge2 f6 19. Qe3 Be7 20. Bh3 a6 21. Qf3 a5 22. Bxf5
g6 23. Bh3 Rf8 24. Bxh6 Rf7 25. a4 Rb6 26. Nb5 Rb7 27. Qxb3 f5 28. Nc7+ Rxc7 29.
Qb8+ Kd7 30. Qb5+ Kd8 31. Qxa5 Bxh4+ 32. Kd1 g5 33. Nc3 Ke8 34. Nb5 Rcd7 35.
Qa8+ Ke7 36. Rg1 g4 37. Bf1 e4 38. Qc8 Bf2 39. Bg5+ 1-0

[Event "ATTENTION AVANT DE JOUER"]
[Site "http://www.queenalice.com/game.php?id=1309600"]
[Date "2014.9.21"]
[Round "-"]
[White "Daniel49"]
[Black "roli68"]
[Result "1/2-1/2"]
[WhiteElo "1322"]
[BlackElo "1609"]

1. e4 e5 2. Qf3 Nh6 3. Bc4 f6 4. Nc3 c6 5. Qg3 b5 6. Bb3 a5 7. a4 b4 8. Nce2 Na6
9. f4 exf4 10. Qxf4 Nc5 11. e5 f5 12. d4 Ne6 13. Qe3 Ng4 14. Qh3 c5 15. Qh5+ g6
16. Qh3 cxd4 17. Qd3 Nxe5 18. Qd2 Bb7 19. Nxd4 Qh4+ 20. Qf2 Qe4+ 21. Nde2 Bc5
22. Qg3 Nd4 23. Bf4 d6 24. h4 Nxc2+ 25. Bxc2 Qxc2 26. Bxe5 dxe5 27. Qxe5+ Kd7
28. Rd1+ Kc6 29. Nd4+ Bxd4 30. Qb5+ Kc7 31. Rxd4 Rae8+ 32. Ne2 Qb1+ 33. Rd1 Qc2
34. Qd7+ Kb6 35. Qb5+ Ka7 36. Qxa5+ Kb8 37. Rd2 Qb1+ 38. Rd1 Qe4 39. Rd2 Qc4 40.
Kf2 Qg4 41. Rg1 Qxh4+ 42. Kf1 Qe4 43. Ke1 Qc4 44. Qb6 Qc1+ 45. Rd1 Qxb2 46. Qd6+
Ka8 47. Qd2 Qe5 48. Rb1 b3 49. Rxb3 Qa1+ 50. Qd1 Qxa4 51. Re3 Qb4+ 52. Kf2 Qh4+
53. g3 Qg5 54. Qa4+ Kb8 55. Nf4 Qd8 56. Qb4 Qc7 57. Qa4 Qb6 58. Qa3 Rd8 59. Qc1
Rhe8 60. Ke2 Ba6+ 61. Kf3 Rxe3+ 62. Qxe3 Bb7+ 63. Kf2 Qb2+ 64. Ne2 Bc6 65. Qc1
Qb6+ 66. Qe3 Kb7 67. Qxb6+ Kxb6 68. Nf4 Rd2+ 69. Ke3 Rb2 70. Kd4 g5 71. Nd5+
Bxd5 72. Kxd5 Re2 73. Rh1 Rg2 74. Ke5 Rf2 75. Rxh7 g4 76. Rh5 Rf3 77. Rxf5 Rxg3
78. Kf4 Rf3+ 79. Kg5 Rxf5+ 80. Kxg4 Rd5 81. Kf4 Kc5 82. Ke4 Rd4+ 83. Ke5 Rd5+
84. Ke4 Rd4+ 85. Ke5 Rd5+ 1/2-1/2

[Event "Idem"]
[Site "http://www.queenalice.com/game.php?id=1315616"]
[Date "2014.10.16"]
[Round "-"]
[White "roli68"]
[Black "Daniel49"]
[Result "0-1"]
[WhiteElo "1644"]
[BlackElo "1333"]

1. e4 e5 2. Qf3 Nf6 3. Nh3 h6 4. Qc3 d6 5. Bb5+ c6 6. Ba4 Nxe4 7. Qf3 f5 8. Qh5+
Ke7 9. d3 Nc5 10. Bb3 Qe8 11. Qf3 Kd8 12. Bd2 b6 13. Bb4 a5 14. Bxc5 bxc5 15.
Na3 a4 16. Bc4 e4 17. dxe4 fxe4 18. Qf4 d5 19. Be2 Na6 20. c3 c4 21. Nc2 Nc5 22.
b4 Ne6 23. Qe3 Rb8 24. Nd4 Nxd4 25. Qxd4 Rg8 26. Qa7 Rb7 27. Qa5+ Ke7 28. Qxa4
c5 29. Qa5 Qb5 30. Qa3 Kd8 31. Qc1 Be7 32. a4 Qb6 33. a5 Qg6 34. Nf4 Qf5 35. g4
Qg5 36. h4 Qe5 37. Ng6 Qf6 38. h5 cxb4 39. a6 Ra7 40. Nf4 Bc5 41. Nxd5 Qxf2+ 42.
Kd2 Bxg4 43. Qe1 e3+ 44. Kc1 Qf5 45. Nxb4 Qe4 46. Qd1+ Kc7 47. Rh4 Rd8 48. Qe1
Rd2 49. Ra2 Rxa2 50. Nxa2 Rxa6 51. Rxg4 Ba3+ 52. Kd1 Rd6+ 53. Qd2 Qb1+ 54. Nc1
Qxc1# 0-1

[Event "Challenge"]
[Site "http://www.queenalice.com/game.php?id=1318335"]
[Date "2014.10.28"]
[Round "-"]
[White "Daniel49"]
[Black "roli68"]
[Result "0-1"]
[WhiteElo "1361"]
[BlackElo "1603"]

1. e4 e5 2. Nf3 Nc6 3. d3 Nh6 4. h3 f5 5. Bg5 Be7 6. Be3 f4 7. Bd2 d5 8. Nxe5
Bg5 9. Bc3 Qe7 10. Qh5+ Kf8 11. Qxg5 Qxg5 12. Nxc6 bxc6 13. Nd2 dxe4 14. Nxe4
Qd5 15. f3 Nf5 16. Be2 Ng3 17. Nxg3 fxg3 18. h4 Qc5 19. b4 Qxc3+ 20. Kd1 Qxa1+
0-1

[Event "Challenge"]
[Site "http://www.queenalice.com/game.php?id=1318580"]
[Date "2014.10.28"]
[Round "-"]
[White "gobblemate"]
[Black "Daniel49"]
[Result "1-0"]
[WhiteElo "1773"]
[BlackElo "1355"]

1. d4 d5 2. Nf3 f6 3. c4 c6 4. Bd2 Bf5 5. e3 Be4 6. Be2 f5 7. O-O e6 8. Nc3 a5
9. cxd5 exd5 10. Ne5 Be7 11. f3 Nf6 12. fxe4 dxe4 13. Rxf5 g6 14. Bh5 Bd6 15.
Nxe4 Ke7 16. Rxf6 Bxe5 17. dxe5 Qd3 18. Bb4+ 1-0

[Event "Challenge"]
[Site "http://www.queenalice.com/game.php?id=1320010"]
[Date "2014.11.2"]
[Round "-"]
[White "roli68"]
[Black "Daniel49"]
[Result "1-0"]
[WhiteElo "1648"]
[BlackElo "1353"]

1. e4 e5 2. Nh3 Nf6 3. d3 Nc6 4. a4 a5 5. f4 d6 6. f5 Qd7 7. c3 h6 8. Na3 Ra6 9.
Be3 Rb6 10. Nc4 Ra6 11. d4 d5 12. exd5 Ne7 13. dxe5 Nfxd5 14. Qf3 Nxf5 15. Bd2
Qe6 16. Nf4 Nxf4 17. Qxf4 g6 18. g4 Ne7 19. b4 axb4 20. cxb4 b5 21. Nb2 Qb3 22.
Bc1 Nd5 23. Qd4 Nxb4 24. Bxb5+ c6 25. Bd3 Ra5 26. O-O c5 27. Qe3 Qd5 28. Rd1
Bxg4 29. Bb5+ Bd7 30. Rxd5 Bxb5 31. Qc3 c4 32. Rxb5 Rxb5 33. axb5 Nd5 34. Qxc4
Ne3 35. Qc8+ Ke7 36. Ra7# 1-0

[Event "Challenge"]
[Site "http://www.queenalice.com/game.php?id=1322285"]
[Date "2014.11.15"]
[Round "-"]
[White "Daniel49"]
[Black "roli68"]
[Result "1-0"]
[WhiteElo "1349"]
[BlackElo "1675"]

1. d4 d5 2. e3 Nf6 3. Nf3 Ne4 4. Bd3 e6 5. Nc3 Nxc3 6. bxc3 Nc6 7. g3 g5 8. g4
h5 9. gxh5 Rxh5 10. Nd2 Rh4 11. c4 Qd6 12. h3 g4 13. c5 Qe7 14. Nf1 b6 15. Rg1
e5 16. hxg4 e4 17. Be2 bxc5 18. c3 cxd4 19. exd4 Na5 20. Rb1 Nc4 21. Ng3 Qf6 22.
Rg2 Qg6 23. Rb5 c6 24. Rb3 a5 25. a4 Bd6 26. Nf1 Rb8 27. f4 Nb6 28. f5 Qf6 29.
Rf2 Rh1 30. g5 Qh8 31. g6 Bg3 32. Be3 Qh2 33. Kd2 Qh4 34. Rg2 Bd6 35. g7 Nc4+
36. Kc1 Nxe3 37. Nxe3 Rxd1+ 38. Bxd1 Qh1 39. g8=Q+ Ke7 40. Rxb8 Bd7 41. Qf8+ Kf6
42. Qxd6+ Be6 43. Qd8# 1-0

[Event "Challenge"]
[Site "http://www.queenalice.com/game.php?id=1325384"]
[Date "2014.12.1"]
[Round "-"]
[White "roli68"]
[Black "Daniel49"]
[Result "1-0"]
[WhiteElo "1630"]
[BlackElo "1378"]

1. e4 e5 2. Nh3 h6 3. f4 f5 4. exf5 exf4 5. Nxf4 Ne7 6. Qh5+ Ng6 7. Nxg6 Rg8 8.
Bc4 d5 9. Bb3 Bc5 10. Nc3 c6 11. d3 Qd6 12. Bf4 Qf6 13. Be5 Qxf5 14. g4 Qf3 15.
Rf1 Bf2+ 16. Rxf2 Qh1+ 17. Rf1 Qg2 18. Nh4+ g6 19. Qxh6 Bxg4 20. Nxg2 Nd7 21.
Bd6 d4 22. Ne4 Nb6 23. Nf6+ Kd8 24. Nxg8 Kd7 25. Qxg6 Re8+ 26. Kf2 Re2+ 27. Kg1
c5 28. Bxc5 Nc8 29. Qxg4+ Kc6 30. Qxd4 Re8 31. Ba4+ b5 32. Rf6+ Nd6 33. Qxd6+
Kb7 34. Rf7+ Ka8 35. Qc6+ Kb8 36. Qxe8# 1-0

[Event "LA PARTIE DE NOEL"]
[Site "http://www.queenalice.com/game.php?id=1329447"]
[Date "2014.12.20"]
[Round "-"]
[White "Daniel49"]
[Black "roli68"]
[Result "0-1"]
[WhiteElo "1372"]
[BlackElo "1648"]

1. d4 d5 2. Nc3 Nf6 3. Nf3 h5 4. h4 Ng4 5. Rh3 Na6 6. Nxd5 Qxd5 7. c3 g6 8. e3
b5 9. b4 f6 10. Bd3 Rg8 11. e4 Qc6 12. Qb3 e6 13. d5 exd5 14. exd5 Qb6 15. d6
Rg7 16. Qd5 Bb7 17. Qe6+ Kd8 18. dxc7+ Nxc7 19. Qxb6 axb6 20. Nd4 Bxg2 21. Rg3
Re7+ 22. Be2 Re5 23. Rxg2 Kd7 24. Kf1 Nd5 25. Bxb5+ Kc7 26. f4 Re4 27. Bc4 Nxc3
28. Ne2 Bxb4 29. f5 gxf5 30. Bf4+ Kc8 31. Rg3 Rxc4 32. Nxc3 Rxf4+ 33. Ke2 Rf2+
34. Kd3 Ne5+ 35. Ke3 Bc5# 0-1

[Event "Challenge"]
[Site "http://www.queenalice.com/game.php?id=1331016"]
[Date "2014.12.27"]
[Round "-"]
[White "Daniel49"]
[Black "fenix40rj"]
[Result "1-0"]
[WhiteElo "1367"]
[BlackElo "1327"]

1. d4 Nc6 2. e3 Nf6 3. f4 d5 4. Nc3 Bf5 5. g3 e6 6. Nf3 Nb4 7. Kf2 Nxc2 8. Rb1
Ne4+ 9. Nxe4 Bxe4 10. h4 c5 11. Bb5+ Ke7 12. dxc5 Kf6 13. Rh3 Bxc5 14. g4 Nxe3
15. g5+ Kf5 16. Nd4+ Kxf4 17. Bxe3+ Ke5 18. Rc1 b6 19. Qg4 h5 20. Qf4# 1-0

[Event "LA PARTIE DE NOUVEL AN"]
[Site "http://www.queenalice.com/game.php?id=1331784"]
[Date "2014.12.31"]
[Round "-"]
[White "roli68"]
[Black "Daniel49"]
[Result "1-0"]
[WhiteElo "1666"]
[BlackElo "1381"]

1. d4 d5 2. e3 h5 3. c4 c5 4. dxc5 Rh6 5. Nc3 e5 6. Na4 a5 7. cxd5 b5 8. Bxb5+
Bd7 9. c6 Nxc6 10. dxc6 Bg4 11. f3 Bb4+ 12. Nc3 Ke7 13. fxg4 Rb8 14. Ba4 Rd6 15.
Qf3 Rd3 16. Ke2 Bc5 17. gxh5 Qd6 18. Ne4 Qd5 19. Bb3 Rdxb3 20. axb3 Rxb3 21.
Rxa5 Qd3+ 22. Kf2 Qc2+ 23. Ne2 Nf6 24. Nxc5 e4 25. Qf5 Qd3 26. Nxd3 Rxd3 27.
Qe5+ Kd8 28. Ra8# 1-0

[Event "LA PARTIE DE L'EPIPHANIE"]
[Site "http://www.queenalice.com/game.php?id=1332589"]
[Date "2015.1.4"]
[Round "-"]
[White "Daniel49"]
[Black "roli68"]
[Result "0-1"]
[WhiteElo "1376"]
[BlackElo "1684"]

1. e4 e5 2. g4 d5 3. Nc3 d4 4. Na4 Bd7 5. b3 b5 6. Nb2 a5 7. c4 b4 8. a4 h5 9.
f3 hxg4 10. d3 f5 11. h4 g5 12. h5 Nf6 13. Bxg5 Bh6 14. Bh4 Rg8 15. c5 c6 16.
Nc4 Qe7 17. Qc2 Qe6 18. Ne2 gxf3 19. Ng1 fxe4 20. dxe4 Rg4 21. Nd2 Bxd2+ 22.
Kxd2 Nxe4+ 23. Kd3 Qf5 24. Kc4 Nd6+ 25. cxd6 Qxc2# 0-1

[Event "Je suis CHARLIE"]
[Site "http://www.queenalice.com/game.php?id=1334138"]
[Date "2015.1.11"]
[Round "-"]
[White "roli68"]
[Black "Daniel49"]
[Result "1-0"]
[WhiteElo "1633"]
[BlackElo "1372"]

1. e4 e5 2. Qf3 Bd6 3. Nh3 Nc6 4. d3 Nd4 5. Qd1 c5 6. c3 Nb5 7. c4 Nd4 8. Nc3 a6
9. f4 Qf6 10. Nd5 Qh4+ 11. g3 Qd8 12. Ng5 f6 13. Nf3 h5 14. Nh4 b6 15. Ng6 Rh7
16. f5 Bb7 17. a4 a5 18. Be3 Ne7 19. Ngxe7 Bxe7 20. h4 Bd6 21. Be2 Bc6 22. g4
Bxd5 23. cxd5 Qc8 24. Rc1 Qc7 25. gxh5 Qb7 26. Rg1 O-O-O 27. h6 Rg8 28. Bh5 Qa6
29. Bf7 gxh6 30. Rxg8+ Kc7 31. Bg6 Re7 32. Bxh6 b5 33. Bf8 Nb3 34. Qxb3 bxa4 35.
Qxa4 Qb6 36. Rc2 c4 37. Rxc4+ Kb7 38. Bxe7 Bxe7 39. Qxd7+ Qc7 40. Qxc7+ Ka6 41.
Ra8+ Kb5 42. Qc6# 1-0

[Event "Reprise"]
[Site "http://www.queenalice.com/game.php?id=1359811"]
[Date "2015.5.16"]
[Round "-"]
[White "roli68"]
[Black "Daniel49"]
[Result "1-0"]
[WhiteElo "1564"]
[BlackElo "1368"]

1. e4 e5 2. Nh3 h6 3. d4 d6 4. d5 Qh4 5. Nc3 c5 6. g3 Qf6 7. a4 b6 8. Nb5 Na6 9.
Ra3 Ne7 10. Rf3 Bb7 11. Rxf6 gxf6 12. f4 Nb4 13. Nxd6+ Kd7 14. Nxb7 Nc8 15. fxe5
fxe5 16. Bb5+ Kc7 17. Bc6 h5 18. a5 Ne7 19. c3 Na2 20. Rf1 Rh7 21. Ng5 Rg7 22.
Nf3 f6 23. Nh4 Rb8 24. a6 Nxc6 25. dxc6 Kxc6 26. Qd5+ Kb5 27. Qxa2 Rg4 28. c4+
Kb4 29. Bd2# 1-0